| 000 | 01001aam a2200337 a 4500 | ||
|---|---|---|---|
| 999 |
_c45917 _d45917 |
||
| 001 | 27072369 | ||
| 003 | OCoLC | ||
| 005 | 20190401164348.0 | ||
| 008 | 921008s1988 mdu- b o 1 0 eng | ||
| 010 | _a92225970 | ||
| 020 | _a0962001309 | ||
| 020 | _a0962001317 (v. 2) | ||
| 035 | _aocm27072369 | ||
| 035 | _a(MultiLIS)01-1077546 | ||
| 040 |
_aDLC _cDLC _dDWT |
||
| 041 | 1 |
_aengsum _hsum |
|
| 043 | _aa-iq--- | ||
| 049 | _aIYUU | ||
| 100 | _aCohen, Mark E. | ||
| 245 | 0 | 4 |
_aThe Canonical lamentations of ancient Mesopotamia / _cby Mark E. Cohen. |
| 260 |
_aPotomac, Md. : _bCapital Decisions, _c1988. |
||
| 300 |
_a2 v. (843 p.) : _bill. ; _c29 cm. |
||
| 336 | _atext | ||
| 337 | _aunmediated | ||
| 338 | _avolume | ||
| 500 | _aSumerian texts in cuneiform and romanization; translations and commentary in English. | ||
| 504 | _aIncludes bibliographical references (p. [9]-[10]) and index. | ||
| 650 | 0 |
_aSumerian language _vTexts. |
|
| 650 | 0 |
_aLaments _zIraq. |
|
| 942 |
_2lcc _cBK |
||